Score 0/10 Timer 05:00
0 Plays Today
% Correct
Pacey
83.6%
Jack
34.8%
Capeside
15.6%
Leery
10.4%
The Ice House
4.7%
True Love
4.7%
Detention
4%
Creek Days
2.4%
Cancer
2.1%
4
1.7%
Remove Ads.
Support Sporcle.
Get the best of Sporcle when you Go Orange. This ad-free experience offers more features, more stats, and more fun while also helping to support Sporcle. Thank you for becoming a member.

You're not logged in!

Compare scores with friends on all Sporcle quizzes.
OR
Log In

Show Comments

Extras

Created Nov 15, 2010ReportNominate
Tags:creek, Dawson's Creek

Top Quizzes Today


Score Distribution

Your Account Isn't Verified!

In order to create a playlist on Sporcle, you need to verify the email address you used during registration. Go to your Sporcle Settings to finish the process.

Report this User

Report this user for behavior that violates our Community Guidelines.

Details: